Mulūk al-ʻArab : aw Riḥlah fī al-bilād al-ʻArabīyah : tashtamilu ʻalá muqaddimah wa-thamāniyat aqsām : muzayyanah bi-al-khāriṭāt wa-al-rusūm /
محفوظ في:
المؤلف الرئيسي:
التنسيق: كتاب
اللغة: Arabic
منشور في:
Bayrūt :
al-Maṭbaʻah al-ʻIlmīyah,
1924-1925.
الموضوعات:
الوسوم: إضافة وسم
لا توجد وسوم, كن أول من يضع وسما على هذه التسجيلة!
رقم الطلب: DS244 .R5 v.1-2
| LEADER | 01767nam a2200301 a 4500 | ||
|---|---|---|---|
| 001 | 11356 | ||
| 003 | OSt | ||
| 005 | 20230426122608.0 | ||
| 008 | 130303m19241925le a 000 0 ara d | ||
| 952 | |0 0 |1 0 |2 lcc |3 V.1-2 |4 0 |6 DS0244 R5 V.00001-00002 |7 1 |9 12030 |a ARCE |b ARCE |d 2021-04-27 |l 0 |o DS244 .R5 v.1-2 |p 1025371 |r 2021-04-27 00:00:00 |w 2021-04-27 |y BK | ||
| 999 | |c 11204 |d 11204 | ||
| 040 | |c ARCE Library | ||
| 043 | |a ar----- |a a-iq--- | ||
| 050 | 4 | |a DS244 .R5 v.1-2 | |
| 100 | 1 | |6 880-01 |a Rihani, Ameen Fares, |d 1876-1940, |e author | |
| 245 | 1 | 0 | |6 880-02 |a Mulūk al-ʻArab : |b aw Riḥlah fī al-bilād al-ʻArabīyah : tashtamilu ʻalá muqaddimah wa-thamāniyat aqsām : muzayyanah bi-al-khāriṭāt wa-al-rusūm / |c taʼlīf Amīn al-Rīḥānī. |
| 246 | 3 | 3 | |a Riḥlah fī al-bilād al-ʻArabīyah |
| 264 | 1 | |a Bayrūt : |b al-Maṭbaʻah al-ʻIlmīyah, |c 1924-1925. | |
| 300 | |a 2 volumes : |b illustrations ; |c 23 cm. | ||
| 505 | 0 | |g al-Juzʼ 1. |t al-Ḥijāz, al-Yaman, ʻAsīr, Laḥij, wa-al-nawāḥī al-tisʻ al-maḥmīyah -- |g al-juzʼ 2. |t Salṭanat Najd, al-Kuwayt, al-Baḥrayn, al-ʻIrāq. | |
| 583 | |a GETTY PROJECT, |c 2005. | ||
| 651 | 0 | |a Arabian Peninsula |x Politics and government. | |
| 651 | 0 | |a Iraq |x Politics and government. | |
| 852 | |a IN |c 20090707091222.0n |p 11081 | ||
| 880 | 1 | |6 100-01/(3/r |a ريحاني، أمين فارس، |d 1876-1940. | |
| 880 | 1 | 0 | |6 245-02/(3/r |a ملوك العرب، أو، رحلة في البلاد العربية : |b تشتمل على مقدمة و ثلاثة أقسام ؛ مزينة بالخرائط و الرسوم |c تأليف أمين الريحاني. |
| 901 | |a reviewed | ||
| 942 | |c BK |2 lcc | ||
